Marching Band Instruments - Statistics

General Stats
  • This quiz has been taken 53 times
  • The average score is 17 of 20
Answer Stats
Picture Answer % Correct
Clarinet
100%
Flute
100%
Trombone
100%
Trumpet
100%
Bass Drum
97%
Snare Drum
97%
Alto Sax
95%
Oboe
95%
Tenor Sax
95%
Bass Clarinet
92%
Cymbals
90%
Baritone
87%
Piccolo
85%
Sousaphone
85%
Bari Sax
77%
Euphonium
77%
Mellophone
77%
Tenor Drums
72%
Flugelhorn
59%
Tenor Trombone
49%
No matching quizzes found
Score Distribution
Percent of People with Each Score
Percentile by Number Answered
Your Score History
You have not taken this quiz